000 00539nam a22001813 4500
001 190774
010 _a989-50-0246-7
021 _aPT
_b210387/04
090 _a190774
100 _a20240702d u||y0pory50 ba
200 _aShrek 2
_ea histr̤ia do filme
_fadaptaȯ̂ de Jesse Leon McCann
_gtraduȯ̂ de Teresa Figueira
210 _aRio de Mouro
_cEverest Editora
_dD. L. 2004
215 _a143 p.
_cbrochado
_d18 cm
606 _92889
_aLiteratura juvenil
675 _a821-93
_vPT
_zpor
801 _aPT
_bBMMN
_gRPC
830 _cIsabel
990 _cLIVROS